000 00623nam a2200217 a 4500
001 BRCA_5839
005 20190320205232.0
008 140311c1953----mx-a######---i000-0#spa-#
041 _aspa
044 _amx
050 4 _aQK1
_b.S2749
_c1953
245 1 0 _aSociedad de Botánica de México.
_bJunio de 1953
_cSociedad de Botánica de México.
260 _aMéxico
_c1953.
300 _aNº15. 36 p.
_bils., 7 láminas
_c22 cm.
500 _aVer también Q77
500 _aH100
650 1 4 _aBotánica
_vBoletín
_zMéxico
_914787
710 2 _aSociedad de Botánica de México.
_914788
902 _aGFM
942 _2lcc
_cB
999 _c5528
_d5528